000 00411nam a2200181Ia 4500
001 1144
005 20260306140610.0
008 260306t1952||||xx |||||||||||||| ||spa||
041 _aESP
082 _a185
_bA72 T. 10 1932
100 _aAristóteles
_eAUT
245 0 _aObras completas
260 _c1952
300 _a249 páginas :
_c18 cm.
650 _aGEN
654 _aCHU
942 _cLIB
_dJUS
_fJUS
_2ddc
_n
999 _c1144
_d1144